000
00212nam a22000857a 4500
008
161021b xxu||||| |||| 00| 0 eng d
100
_9
915
_a
Vaughn.E.
245
_a
The Strand
260
_a
London
_b
Word Publications
_c
1997
999
_c
3570
_d
3570